|
|
|
|
| LEADER |
00000nas a2200000 a 4500 |
| 001 |
ssj0012716 |
| 003 |
WaSeSS |
| 005 |
20200512172242.0 |
| 006 |
m d |
| 007 |
cr n |
| 008 |
010524c19719999txutr pssg o0 0eng c |
| 010 |
|
|
|a 2004255278
|
| 022 |
|
|
|y 0163-7479
|
| 035 |
|
|
|a (WaSeSS)ssj0012716
|
| 040 |
|
|
|a FPS
|b eng
|c FPS
|d OCL
|d OCLCQ
|d ZCU
|d PUL
|d OCLCQ
|d UCO
|d OCLCQ
|d OCLCF
|d OCLCO
|d OCLCQ
|d OCLCE
|d WT2
|d OCLCQ
|d AU@
|d WYU
|d U3W
|d UUM
|d VT2
|d OCLCQ
|d WaSeSS
|
| 042 |
|
|
|a pcc
|
| 043 |
|
|
|a n-us---
|
| 050 |
1 |
4 |
|a K24
|
| 130 |
0 |
|
|a Texas international law journal (Online)
|
| 245 |
1 |
0 |
|a Texas international law journal
|h [electronic resource].
|
| 260 |
|
|
|a Austin, Tex. :
|b University of Texas School of Law,
|c ©1971-
|
| 310 |
|
|
|a Three issues yearly,
|b <winter 1977->
|
| 321 |
|
|
|a Semiannual,
|b 1971-
|
| 362 |
0 |
|
|a Vol. 7, no. 1 (summer 1971)-
|
| 500 |
|
|
|a Title from title screen (Hein Online, viewed June 30, 2004).
|
| 506 |
|
|
|a License restrictions may limit access.
|
| 538 |
|
|
|a Mode of access: World Wide Web.
|
| 555 |
|
|
|a Vols. 1 (1965)-10 (1975) in v. 10 (includes index to journal under its earlier titles); Vols. 11 (1976)-15 (1980) in v. 15.
|
| 650 |
|
0 |
|a International law
|v Periodicals.
|
| 650 |
|
0 |
|a International law
|z United States
|v Periodicals.
|
| 650 |
|
6 |
|a Droit international
|v Périodiques.
|
| 650 |
|
7 |
|a International law.
|2 fast
|0 (OCoLC)fst00976984
|
| 650 |
1 |
7 |
|a Internationaal recht.
|2 gtt
|
| 650 |
|
7 |
|a INTERNATIONAL LAW.
|2 unbist
|
| 651 |
|
7 |
|a United States.
|2 fast
|0 (OCoLC)fst01204155
|
| 655 |
|
0 |
|a Electronic journals.
|
| 710 |
2 |
|
|a University of Texas at Austin.
|b School of Law.
|
| 776 |
1 |
|
|t Texas internaitonal law journal
|x 0163-7479
|w (DLC) 72615488
|w (OCoLC)1767354
|
| 780 |
0 |
0 |
|t Texas international law forum (Online)
|w (DLC) 2004255277
|w (OCoLC)49374033
|
| 856 |
4 |
0 |
|z Full text available from Research Library: 07/01/1997 to present
|u https://search.proquest.com/publication/7237
|